| 000 | 00566nam a22001817a 4500 | ||
|---|---|---|---|
| 005 | 20240802161546.0 | ||
| 010 | _aENG-141123 | ||
| 020 |
_a9789391517588 _c90.00 |
||
| 035 | _aEN-124655 | ||
| 037 | _bDBAD | ||
| 082 | _a230.1 | ||
| 100 |
_aRao Aravinda K. _969388 |
||
| 245 |
_aThe Bhagavad Gita for A Modern Student; _c By K. Aravinda RaO |
||
| 260 |
_aHyderabad _bEMESCO BOOKS PVT. LTD. _c2023 |
||
| 270 |
_a1-2-7, Banoo Colony, Gagan Mahal Road, Domalguda _bHyderabad _e500029 |
||
| 300 |
_a124 P. _c22 cm |
||
| 942 |
_2ddc _cEN _h230.1 _mRAO |
||
| 999 |
_c204776 _d204776 |
||